[Event "II Open Dicembre"]
[Site "Arco ITA"]
[Date "2011.12.28"]
[Round "5"]
[White "Marchelli, Luca"]
[Black "Faini, Ivano"]
[Result "0-1"]
[WhiteElo "1419"]
[BlackElo "1650"]
[PlyCount "88"]
[EventDate "2011.12.26"]

1. c4 e5 2. g3 g6 3. Bg2 Bg7 4. e4 d6 5. d3 f5 6. Nc3 c6 7. Nge2 Nf6 8. Bg5
Nbd7 9. O-O h6 10. Bd2 O-O 11. exf5 gxf5 12. b4 Qe8 13. Re1 Qh5 14. f3 Nh7 15.
Qb3 Kh8 16. b5 Rb8 17. Qa3 Ng5 18. Bxg5 Qxg5 19. Qxd6 h5 20. f4 exf4 21. Nxf4
Rf6 22. Re8+ Kh7 23. Qc7 Rf7 24. Rxc8 Rxc8 25. Qxc8 Bxc3 26. Rb1 h4 27. bxc6
bxc6 28. Rb7 Qe7 29. Rb1 hxg3 30. hxg3 Qe3+ 31. Kh2 Be5 32. Qe8 Rg7 33. Qh5+
Kg8 34. Qe8+ Nf8 35. Nh5 Bxg3+ 36. Kh1 Qxe8 37. Nf6+ Kf7 38. Nxe8 Kxe8 39.
Bxc6+ Kd8 40. Bd5 Be5 41. Rg1 Rxg1+ 42. Kxg1 Kc7 43. Kg2 Kd6 44. Kf3 Nd7 0-1

[Event "II Open Dicembre"]
[Site "Arco ITA"]
[Date "2011.12.28"]
[Round "5"]
[White "Menon, Michele"]
[Black "Perich, Stefano"]
[Result "1/2-1/2"]
[WhiteElo "1779"]
[BlackElo "1922"]
[PlyCount "40"]
[EventDate "2011.12.26"]

1. Nf3 d5 2. c4 c6 3. g3 Bf5 4. b3 Nf6 5. Bb2 e6 6. Bg2 h6 7. O-O Nbd7 8. d3
Be7 9. Nbd2 O-O 10. Rc1 Bh7 11. a3 a5 12. Qc2 Rc8 13. cxd5 exd5 14. e4 dxe4 15.
dxe4 Re8 16. Nd4 Bf8 17. Rfe1 g5 18. Nf5 Ne5 19. Rcd1 Qc7 20. Nc4 Nxc4 1/2-1/2

[Event "II Open Dicembre"]
[Site "Arco ITA"]
[Date "2011.12.28"]
[Round "5"]
[White "Mora, Massimo"]
[Black "Giancotti, Eraldo"]
[Result "1/2-1/2"]
[WhiteElo "1998"]
[BlackElo "2097"]
[PlyCount "104"]
[EventDate "2011.12.26"]

1. Nf3 Nc6 2. d4 d5 3. Bf4 Bg4 4. c3 Bxf3 5. gxf3 Qd7 6. e4 e6 7. Nd2 Nge7 8.
Qc2 Ng6 9. Bg3 O-O-O 10. Bd3 Kb8 11. O-O-O Nge7 12. Kb1 g6 13. Bf4 f6 14. Nb3
Nc8 15. Rhe1 Bd6 16. Bg3 f5 17. Bxd6 cxd6 18. exd5 exd5 19. f4 Nb6 20. Qe2 Rhe8
21. Qf1 Rxe1 22. Rxe1 Re8 23. Re3 Rc8 24. Nd2 Qd8 25. Qh3 Qc7 26. Re1 Na4 27.
Bb5 Nb6 28. Bd3 a5 29. Qf1 Na7 30. Nf3 Nc4 31. Rc1 Qb6 32. Qe2 a4 33. Bxc4 dxc4
34. Nd2 a3 35. Rc2 axb2 36. Nxc4 Qc6 37. Nxb2 Nb5 38. Ka1 Qh1+ 39. Nd1 Nxc3 40.
Rxc3 Rxc3 41. Kb2 Rc6 42. Nc3 Rb6+ 43. Kc2 Qc6 44. d5 Qc5 45. h4 Ra6 46. Kd2
Ka7 47. a4 Qd4+ 48. Kc2 Qxf4 49. Kb3 Rb6+ 50. Nb5+ Ka6 51. Ka3 Rxb5 52. Qxb5+
Ka7 1/2-1/2

[Event "II Open Dicembre"]
[Site "Arco ITA"]
[Date "2011.12.28"]
[Round "5"]
[White "Oltramari, Silvano"]
[Black "Bacchelli, Andrea"]
[Result "1/2-1/2"]
[WhiteElo "1583"]
[BlackElo "1789"]
[PlyCount "102"]
[EventDate "2011.12.26"]

1. b4 d5 2. Bb2 e6 3. e3 Nf6 4. a3 Nbd7 5. Nf3 Bd6 6. c4 c6 7. cxd5 exd5 8. Nc3
O-O 9. Be2 Re8 10. O-O Ne5 11. Nxe5 Bxe5 12. f4 Bd6 13. Bf3 Bf5 14. g4 Bd3 15.
Rf2 Ne4 16. Nxe4 dxe4 17. Be2 Bxe2 18. Qxe2 Bc7 19. g5 Qe7 20. h4 Rad8 21. Raf1
Rd5 22. Qg4 Bb6 23. Kh1 Qd7 24. Qxd7 Rxd7 25. Kg2 Red8 26. Bc3 Bc7 27. Kh3 b6
28. Kg4 Rd5 29. h5 Bd6 30. f5 Be5 31. Bxe5 Rxe5 32. Kf4 Red5 33. Rd1 Re8 34.
Rg1 Rd3 35. Rd1 Kf8 36. Rc1 c5 37. bxc5 bxc5 38. Rxc5 Rxa3 39. Rf1 Ra2 40. Rc7
a5 41. Rb1 Rxd2 42. Rbb7 Rf2+ 43. Kg3 Rxf5 44. Kg4 Rf3 45. Ra7 a4 46. Rc3 f6
47. gxf6 Rxf6 48. Rcc7 Rfe6 49. Rf7+ Kg8 50. Rxg7+ Kh8 51. Rxh7+ Kg8 1/2-1/2

[Event "II Open Dicembre"]
[Site "Arco ITA"]
[Date "2011.12.28"]
[Round "5"]
[White "Paltrinieri, Nicholas"]
[Black "Lezzerini, Marco"]
[Result "1-0"]
[WhiteElo "2109"]
[BlackElo "1871"]
[PlyCount "63"]
[EventDate "2011.12.26"]

1. f4 g6 2. Nf3 Bg7 3. d3 d6 4. e4 c5 5. Be2 Nf6 6. O-O O-O 7. Qe1 Nc6 8. Nc3
Rb8 9. a4 a6 10. Nd1 b5 11. axb5 axb5 12. Ne3 Nd4 13. Bd1 Nxf3+ 14. Bxf3 e6 15.
g4 Ne8 16. f5 b4 17. Kh1 Bf6 18. Qg3 Bb7 19. Ng2 exf5 20. gxf5 Be5 21. Qh3 d5
22. Nf4 dxe4 23. dxe4 Qc7 24. Nd3 Bg7 25. Bf4 Nd6 26. f6 Bh8 27. e5 Nf5 28. e6
Bxf3+ 29. Qxf3 Nd6 30. e7 Rfc8 31. Qd5 Rb6 32. Ra8 1-0

[Event "II Open Dicembre"]
[Site "Arco ITA"]
[Date "2011.12.28"]
[Round "5"]
[White "Pellicoro, Roberto"]
[Black "Molinelli, Luigi"]
[Result "1-0"]
[WhiteElo "1386"]
[BlackElo "1267"]
[PlyCount "73"]
[EventDate "2011.12.26"]

1. e4 Nf6 2. Nc3 g6 3. Nf3 d6 4. Bc4 e6 5. O-O Bg7 6. d4 O-O 7. Bg5 Nbd7 8. e5
dxe5 9. dxe5 Nxe5 10. Nxe5 Qxd1 11. Raxd1 h6 12. Bxf6 Bxf6 13. Nd7 Bxd7 14.
Rxd7 Rac8 15. Nb5 Be5 16. Nxa7 Ra8 17. Nb5 Ra4 18. Bb3 Rh4 19. g3 Rh5 20. f4
Bxb2 21. Nxc7 b5 22. Na6 Bc3 23. g4 Rh3 24. Rd3 Rxd3 25. cxd3 Rd8 26. Nc7 b4
27. f5 gxf5 28. gxf5 e5 29. Nd5 Bd4+ 30. Kg2 Bc5 31. Rc1 Bd6 32. f6 Kh7 33. Ne7
Rf8 34. Nf5 Bb8 35. Rc4 Rg8+ 36. Ng7 Kg6 37. Rg4+ 1-0

[Event "II Open Dicembre"]
[Site "Arco ITA"]
[Date "2011.12.28"]
[Round "5"]
[White "Petragnani, Alessandro"]
[Black "Sinner, Armin"]
[Result "1-0"]
[WhiteElo "1924"]
[BlackElo "1783"]
[PlyCount "77"]
[EventDate "2011.12.26"]

1. c4 Nf6 2. g3 g6 3. Bg2 Bg7 4. Nc3 O-O 5. e4 d6 6. Nge2 e5 7. d3 Nh5 8. Be3
Nc6 9. Qd2 Bd7 10. Nd5 Ne7 11. b4 Nxd5 12. cxd5 f5 13. Bg5 Bf6 14. Bxf6 Qxf6
15. Bh3 Rf7 16. O-O f4 17. Bxd7 Rxd7 18. f3 g5 19. g4 Ng7 20. d4 h5 21. dxe5
dxe5 22. h3 h4 23. Kg2 Rad8 24. b5 c6 25. bxc6 bxc6 26. Nc3 Ne8 27. Rad1 Nc7
28. Qf2 cxd5 29. Nxd5 Nxd5 30. Rxd5 Rxd5 31. exd5 Rxd5 32. Qxa7 Qd6 33. Rf2 Rd2
34. Rxd2 Qxd2+ 35. Qf2 Qd5 36. Qc2 Kg7 37. a4 Qa5 38. Qd1 Qc5 39. Qd2 1-0

[Event "II Open Dicembre"]
[Site "Arco ITA"]
[Date "2011.12.28"]
[Round "5"]
[White "Petragnani, Gian Giacomo"]
[Black "Spornberger, Peter"]
[Result "1/2-1/2"]
[WhiteElo "1752"]
[BlackElo "1687"]
[PlyCount "53"]
[EventDate "2011.12.26"]

1. Nf3 Nf6 2. g3 g6 3. Bg2 Bg7 4. O-O O-O 5. d3 d5 6. Nbd2 c5 7. e4 dxe4 8.
dxe4 Nc6 9. c3 Qc7 10. Qe2 b6 11. Rd1 Bb7 12. Nf1 e5 13. Ne3 Ne7 14. Nd2 Rad8
15. f3 Bh6 16. Bh3 b5 17. Ng4 Nxg4 18. Bxg4 Qb6 19. Nf1 Rxd1 20. Qxd1 Rd8 21.
Qe2 Bxc1 22. Rxc1 Ba6 23. Rd1 c4+ 24. Kg2 Rd6 25. Rxd6 Qxd6 26. Qd2 Qxd2+ 27.
Nxd2 1/2-1/2

[Event "II Open Dicembre"]
[Site "Arco ITA"]
[Date "2011.12.28"]
[Round "5"]
[White "Raineri, Valerio"]
[Black "De Santis, Alessio"]
[Result "1/2-1/2"]
[WhiteElo "2159"]
[BlackElo "2318"]
[PlyCount "112"]
[EventDate "2011.12.26"]

1. e4 b6 2. f4 Bb7 3. Qe2 c5 4. d3 Nc6 5. Nf3 g6 6. g3 Bg7 7. c3 d6 8. Bh3 Qc7
9. O-O h5 10. f5 gxf5 11. Bxf5 Nh6 12. Bh3 Ng4 13. Ng5 Bf6 14. Na3 Bxg5 15.
Bxg5 f6 16. Bh4 O-O-O 17. Rf5 Kb8 18. Nb5 Qd7 19. Rxh5 Rhg8 20. Rh7 Nce5 21. d4
cxd4 22. cxd4 Ba6 23. a4 Nc6 24. Bxf6 Qe6 25. Rg7 Qxf6 26. Rxg4 Bxb5 27. axb5
Nxd4 28. Qf2 Qxf2+ 29. Kxf2 Rh8 30. Kg2 Nc2 31. Ra3 Nxa3 32. bxa3 Rh5 33. Rg7
Rxb5 34. Be6 Re5 35. Rxe7 Rxe4 36. g4 d5 37. Kf3 Re1 38. Kf2 Re5 39. Rd7 Rxd7
40. Bxd7 d4 41. Bf5 Kc7 42. h4 Kd6 43. h5 Ke7 44. Kf3 Kf6 45. Kf4 Re1 46. g5+
Kg7 47. h6+ Kh8 48. g6 b5 49. Be4 Rg1 50. g7+ Kg8 51. Bd5+ Kh7 52. g8=Q+ Rxg8
53. Bxg8+ Kxg8 54. Ke4 a5 55. Kxd4 b4 56. axb4 axb4 1/2-1/2

[Event "II Open Dicembre"]
[Site "Arco ITA"]
[Date "2011.12.28"]
[Round "5"]
[White "Rizzo, Giuseppe"]
[Black "Pedrotti, Luciano"]
[Result "1/2-1/2"]
[WhiteElo "1732"]
[BlackElo "1801"]
[PlyCount "61"]
[EventDate "2011.12.26"]

1. d4 Nf6 2. Nf3 b6 3. e3 Bb7 4. Bd3 d6 5. b3 e6 6. Bb2 Be7 7. Nbd2 Nbd7 8. e4
O-O 9. O-O Re8 10. c4 Nf8 11. e5 dxe5 12. Nxe5 c5 13. Ndf3 N6d7 14. Nxd7 Nxd7
15. Ne5 Bf6 16. Bxh7+ Kf8 17. Qh5 Bxe5 18. dxe5 Qc7 19. Rfe1 Rad8 20. Be4 Nb8
21. Bxb7 Qxb7 22. Rad1 Nc6 23. Rxd8 Rxd8 24. Qh8+ Ke7 25. Qxg7 Qd7 26. h4 Qd2
27. Qg5+ Qxg5 28. hxg5 Rd2 29. Rb1 Re2 30. Kf1 Re4 31. Re1 1/2-1/2

[Event "II Open Dicembre"]
[Site "Arco ITA"]
[Date "2011.12.28"]
[Round "5"]
[White "Schingaro, Angelo"]
[Black "De Nardo, Elena"]
[Result "1-0"]
[WhiteElo "1727"]
[BlackElo "1599"]
[PlyCount "87"]
[EventDate "2011.12.26"]

1. e4 e6 2. d4 d5 3. e5 c5 4. c3 Nc6 5. Nf3 Nge7 6. Nbd2 Ng6 7. Nb3 a6 8. Be3
Be7 9. Be2 c4 10. Nbd2 f6 11. exf6 Bxf6 12. O-O O-O 13. Re1 Qc7 14. Nf1 Be7 15.
Ng3 Bd7 16. Qd2 Nf4 17. Bxf4 Qxf4 18. Rad1 Qxd2 19. Rxd2 Be8 20. Bd1 Nd8 21.
Ne5 Bg5 22. Rde2 Rc8 23. Bc2 Nf7 24. Nf3 Rc6 25. Nxg5 Nxg5 26. h4 Nf7 27. Rxe6
Rc8 28. Nf5 Rd8 29. Rb6 Rd7 30. Re7 Kh8 31. Rxd7 Bxd7 32. Ne7 Re8 33. Nxd5 Re2
34. Ne3 Bc8 35. Kf1 Bg4 36. Rxb7 Nh6 37. Nxg4 Rxc2 38. Nxh6 gxh6 39. Ke1 a5 40.
d5 Kg8 41. d6 Kf8 42. Rb8+ Kf7 43. d7 Rxb2 44. Rxb2 1-0

[Event "II Open Dicembre"]
[Site "Arco ITA"]
[Date "2011.12.28"]
[Round "5"]
[White "Scriboni, Simone"]
[Black "Paniga, Danilo"]
[Result "1-0"]
[WhiteElo "1961"]
[BlackElo "1840"]
[PlyCount "53"]
[EventDate "2011.12.26"]

1. e4 d6 2. d4 Nf6 3. Nc3 c6 4. h3 e5 5. Nf3 Qc7 6. Be3 Be7 7. Bd3 b5 8. O-O
O-O 9. Ne2 a6 10. a4 c5 11. dxc5 dxc5 12. axb5 Bb7 13. Nc3 c4 14. b6 Qc8 15.
Be2 Nbd7 16. Ra4 Nxe4 17. Rxc4 Nxc3 18. Rxc3 Qe8 19. Rc7 e4 20. Nh2 Rd8 21.
Rxb7 Nc5 22. Rxe7 Rxd1 23. Rxe8 Rxf1+ 24. Nxf1 Rxe8 25. Bxc5 Rc8 26. b4 a5 27.
b7 1-0

[Event "II Open Dicembre"]
[Site "Arco ITA"]
[Date "2011.12.28"]
[Round "5"]
[White "Silini, Riccardo"]
[Black "Galas, Franco"]
[Result "1-0"]
[WhiteElo "1823"]
[BlackElo "1749"]
[PlyCount "70"]
[EventDate "2011.12.26"]

1. d4 f5 2. c4 Nf6 3. Nf3 e6 4. a3 d6 5. Nc3 Be7 6. Bg5 b6 7. g3 Bb7 8. Bg2
Nbd7 9. O-O h6 10. Bxf6 Bxf6 11. Re1 h5 12. e4 fxe4 13. Nxe4 Bxe4 14. Rxe4 Kf7
15. Qe2 Nf8 16. Bh3 Qe7 17. Re1 Re8 18. Rf4 Kg6 19. Re4 Kf7 20. Nh4 g6 21. Nxg6
Kxg6 22. f4 Kf7 23. d5 Qd7 24. dxe6+ Nxe6 25. Rxe6 Bd4+ 26. Kf1 Qc6 27. Bg2 Qd7
28. Bd5 Kg7 29. Rxe8 Rxe8 30. Qxe8 Qh3+ 31. Bg2 Qf5 32. Re7+ Kh6 33. Re6+ Bf6
34. Qh8+ Kg6 35. Qg8+ Kh6 1-0

[Event "II Open Dicembre"]
[Site "Arco ITA"]
[Date "2011.12.28"]
[Round "5"]
[White "Simmon, Norbert"]
[Black "Frontini, Fabio"]
[Result "1/2-1/2"]
[WhiteElo "1785"]
[BlackElo "1940"]
[PlyCount "76"]
[EventDate "2011.12.26"]

1. g3 Nf6 2. d4 d5 3. Bg2 e6 4. c4 Be7 5. Nf3 O-O 6. O-O c6 7. Nc3 b6 8. Re1
Bb7 9. cxd5 cxd5 10. Bf4 Nc6 11. Rc1 Rc8 12. a3 Bd6 13. Bxd6 Qxd6 14. b4 Rfd8
15. e3 h6 16. Re2 a6 17. Rec2 b5 18. Nd2 Ne7 19. Nb3 Rc7 20. Nc5 Nd7 21. Ne2
Nxc5 22. Rxc5 Rdc8 23. Nf4 Rxc5 24. dxc5 Qd7 25. e4 d4 26. Qg4 Rd8 27. Nd3 f6
28. Qd1 e5 29. f4 Nc6 30. Qh5 Qe8 31. Qxe8+ Rxe8 32. fxe5 fxe5 33. Rf1 g6 34.
Rf6 Kg7 35. Rd6 Re7 36. Kf2 Kf7 37. Ke2 Re6 38. Rd7+ Re7 1/2-1/2

[Event "II Open Dicembre"]
[Site "Arco ITA"]
[Date "2011.12.28"]
[Round "5"]
[White "Spornberger, Andre"]
[Black "Niccoli, Paolo"]
[Result "1-0"]
[WhiteElo "1949"]
[BlackElo "1960"]
[PlyCount "61"]
[EventDate "2011.12.26"]

1. e4 c5 2. Nc3 Nc6 3. f4 e6 4. Nf3 d5 5. d3 Nf6 6. Qe2 Nd4 7. Nxd4 cxd4 8. Nd1
Be7 9. g3 O-O 10. Bg2 b6 11. e5 Nd7 12. O-O Qc7 13. b3 Bb7 14. Bb2 Rac8 15. Rc1
Bc5 16. Qf2 f6 17. exf6 Nxf6 18. Bh3 Rce8 19. Bxd4 e5 20. Bxc5 bxc5 21. fxe5
Qxe5 22. Qxc5 Ne4 23. Rxf8+ Rxf8 24. dxe4 Qxe4 25. Nf2 Qe2 26. Rf1 d4 27. Qc4+
Qxc4 28. bxc4 Ba6 29. Be6+ Kh8 30. Ne4 Rb8 31. Nd6 1-0

[Event "II Open Dicembre"]
[Site "Arco ITA"]
[Date "2011.12.28"]
[Round "5"]
[White "Spornberger, Maximilian"]
[Black "Pojer, Romeo"]
[Result "1-0"]
[WhiteElo "2202"]
[BlackElo "2145"]
[PlyCount "93"]
[EventDate "2011.12.26"]

1. e4 d6 2. d4 Nf6 3. Nc3 g6 4. Nf3 Bg7 5. h3 O-O 6. Be3 Nc6 7. Qd2 e5 8. d5
Nb4 9. O-O-O c5 10. dxc6 Nxc6 11. Qxd6 Qa5 12. Qc5 Qc7 13. Nd5 Qb8 14. Nxf6+
Bxf6 15. Bg5 Bg7 16. Bc4 Qc7 17. Rd3 Re8 18. Rhd1 Bf8 19. Bd8 Bxc5 20. Bxc7 Be6
21. Bxe6 Rxe6 22. R1d2 Rc8 23. Rd7 f6 24. Bd6 Bb6 25. Rxb7 Rd8 26. Ba3 Rxd2 27.
Kxd2 Bxf2 28. Rd7 Na5 29. b3 Ra6 30. Be7 Re6 31. Bb4 Nc6 32. Ba3 Bb6 33. c4 h6
34. g4 Re8 35. Nh4 Nd4 36. Nxg6 Nf3+ 37. Kd3 Ne1+ 38. Ke2 Nc2 39. Bd6 Nd4+ 40.
Kd3 Ne6 41. b4 Bd4 42. c5 Nd8 43. b5 Ne6 44. Kc4 Nd8 45. c6 Nf7 46. c7 Bb6 47.
Ne7+ 1-0

[Event "II Open Dicembre"]
[Site "Arco ITA"]
[Date "2011.12.28"]
[Round "5"]
[White "Zappi, Adriano"]
[Black "Sheikh, Mohammed Zannatun N."]
[Result "1/2-1/2"]
[WhiteElo "1717"]
[BlackElo "1510"]
[PlyCount "116"]
[EventDate "2011.12.26"]

1. Nf3 d6 2. d4 Nf6 3. Bf4 Nbd7 4. e3 b6 5. h3 Bb7 6. Be2 h6 7. O-O e6 8. c4
Be7 9. Nc3 a6 10. b4 O-O 11. Rb1 Rb8 12. a4 d5 13. c5 Ra8 14. Ne5 Nxe5 15. Bxe5
Nd7 16. Bg3 c6 17. Qc2 b5 18. a5 Bc8 19. f4 f5 20. Bh5 Nf6 21. Bf3 Bd7 22. Bh4
Be8 23. Nd1 Bh5 24. Bxf6 Bxf3 25. Bxe7 Bxd1 26. Qxd1 Qxe7 27. Qh5 Qf7 28. Qh4
Qf6 29. Qg3 Kh7 30. Rf3 Qg6 31. Qh4 Rf6 32. Kh2 Qf7 33. Rg1 Rg8 34. g4 fxg4 35.
Rxg4 Rf5 36. Qg3 g5 37. Qf2 gxf4 38. Rgxf4 Qc7 39. Kh1 Rxf4 40. Rxf4 Rg7 41.
Qc2+ Kg8 42. Qf2 Kh7 43. Qf3 Qe7 44. e4 Qg5 45. Rg4 Qc1+ 46. Kg2 Qd2+ 47. Qf2
Qxf2+ 48. Kxf2 Rxg4 49. hxg4 Kg6 50. exd5 exd5 51. Kg3 Kg5 52. Kf3 Kf6 53. Kf4
Ke6 54. Kg3 Kf6 55. Kh4 Kg6 56. Kh3 Kg5 57. Kg3 Kg6 58. Kf4 Kf6 1/2-1/2

[Event "II Open Dicembre"]
[Site "Arco ITA"]
[Date "2011.12.28"]
[Round "5"]
[White "Ziglio, Giorgio"]
[Black "Paltrinieri, Mario"]
[Result "0-1"]
[WhiteElo "1467"]
[BlackElo "1690"]
[PlyCount "113"]
[EventDate "2011.12.26"]

1. e4 d5 2. Nc3 d4 3. Na4 e5 4. d3 b5 5. c3 bxa4 6. Qxa4+ Bd7 7. Qc2 c5 8. Nf3
Nc6 9. Be2 Nf6 10. O-O Be7 11. h3 O-O 12. Bd2 Kh8 13. Nh2 Qc7 14. g4 Rad8 15.
a3 a5 16. c4 Ne8 17. Nf3 h5 18. Nh2 hxg4 19. Nxg4 f5 20. Nh2 fxe4 21. Bg4 Bxg4
22. Nxg4 exd3 23. Qxd3 Nf6 24. f3 Qd7 25. Qg6 Qe8 26. Qd3 Qh5 27. Kg2 Bd6 28.
Be1 Rde8 29. Nxf6 Rxf6 30. Qe4 Rg6+ 31. Kf2 Qxh3 32. Qxg6 Rf8 33. Qg2 Qf5 34.
Qh2+ Kg8 35. Kg2 Qc2+ 36. Bf2 Qxc4 37. Rh1 Qd5 38. Qh8+ Kf7 39. Qh5+ Ke6 40.
Qg6+ Rf6 41. Qg4+ Kf7 42. Bh4 Rg6 43. Bg5 Be7 44. Qf5+ Bf6 45. Rh5 Ne7 46. Qg4
e4 47. f4 e3+ 48. Qf3 Qb3 49. f5 Qxb2+ 50. Kg3 Rxg5+ 51. Rxg5 Qxa1 52. Qh5+ Kf8
53. Qh8+ Ng8 54. Rg6 Qg1+ 55. Kf3 Qf2+ 56. Ke4 e2 57. Kd5 0-1

[Event "II Open Dicembre"]
[Site "Arco ITA"]
[Date "2011.12.29"]
[Round "6"]
[White "Bevilacqua, Maurizio"]
[Black "Silini, Riccardo"]
[Result "1-0"]
[WhiteElo "2143"]
[BlackElo "1823"]
[PlyCount "51"]
[EventDate "2011.12.26"]

1. d4 d5 2. Nf3 Nf6 3. c4 e6 4. g3 b6 5. Bg2 Bb7 6. cxd5 Bxd5 7. Nc3 Bb4 8. O-O
Bxc3 9. bxc3 O-O 10. Bg5 Nbd7 11. Re1 Qc8 12. Qc1 c5 13. Qf4 Ne4 14. c4 Nxg5
15. cxd5 Nxf3+ 16. Bxf3 exd5 17. Bxd5 Rb8 18. Rac1 Nf6 19. Bb3 Re8 20. e4 Rb7
21. e5 Rbe7 22. Re3 Ng4 23. e6 f5 24. Ree1 g6 25. d5 Rd8 26. d6 1-0

[Event "II Open Dicembre"]
[Site "Arco ITA"]
[Date "2011.12.29"]
[Round "6"]
[White "Bisaro, Andrea"]
[Black "Petragnani, Alessandro"]
[Result "0-1"]
[WhiteElo "1756"]
[BlackElo "1924"]
[PlyCount "102"]
[EventDate "2011.12.26"]

1. d4 g6 2. e4 Bg7 3. Be3 d6 4. Nc3 a6 5. Bc4 Nf6 6. f3 O-O 7. Qd2 b5 8. Bb3
Nbd7 9. Nce2 Bb7 10. Ng3 c5 11. c3 c4 12. Bc2 Qc7 13. N1e2 Rab8 14. h4 h5 15.
Bh6 e6 16. Bxg7 Kxg7 17. Nf4 Rh8 18. O-O-O e5 19. Nd5 Bxd5 20. exd5 exd4 21.
Qxd4 Qc5 22. Ne4 Qxd4 23. Rxd4 Nxe4 24. Rxe4 Nf6 25. Rd4 Rhe8 26. Be4 Re5 27.
Rhd1 Rbe8 28. Bc2 Re2 29. R1d2 Re1+ 30. Rd1 R8e2 31. R4d2 Rxd1+ 32. Kxd1 Rxd2+
33. Kxd2 Nxd5 34. g3 Kf6 35. Be4 Ke5 36. b4 cxb3 37. axb3 f6 38. Bxg6 a5 39.
Bxh5 a4 40. bxa4 bxa4 41. Bf7 Ne7 42. h5 Nf5 43. g4 Nh6 44. Ke3 d5 45. Be8 a3
46. f4+ Kd6 47. g5 fxg5 48. fxg5 a2 49. Kf4 a1=Q 50. gxh6 Qc1+ 51. Kf5 Qxh6 0-1

[Event "II Open Dicembre"]
[Site "Arco ITA"]
[Date "2011.12.29"]
[Round "6"]
[White "Dalponte, Dino"]
[Black "Paltrinieri, Nicholas"]
[Result "0-1"]
[WhiteElo "2078"]
[BlackElo "2109"]
[PlyCount "99"]
[EventDate "2011.12.26"]

1. d4 e6 2. Nf3 f5 3. c3 Nf6 4. Bg5 Be7 5. e3 O-O 6. Bd3 d6 7. Qc2 Nd5 8. Bxe7
Qxe7 9. Qb3 b6 10. O-O Bb7 11. Nbd2 Nd7 12. Rfe1 c5 13. a3 Kh8 14. Bc4 Rae8 15.
Qa4 N7f6 16. Bb5 Rc8 17. Ba6 Bc6 18. Bb5 Ba8 19. c4 Nc7 20. Qxa7 Ne4 21. Qa4
Nxd2 22. Nxd2 cxd4 23. Bc6 dxe3 24. Rxe3 e5 25. Bxa8 Rxa8 26. Qb4 Qd7 27. Rd1
Qc6 28. Nb1 Rad8 29. Red3 Rf6 30. Nc3 Rg6 31. Nd5 b5 32. cxb5 Nxb5 33. g3 Re6
34. Qa4 Ra8 35. Rc3 Qb7 36. Qb4 Qa6 37. Rb3 Nd4 38. Nc7 Ne2+ 39. Kg2 Qc6+ 40.
Kf1 Nxg3+ 41. hxg3 Qxc7 42. Rc3 Qe7 43. Rc6 Rd8 44. Qb6 h6 45. a4 f4 46. Qb3
Rf8 47. g4 f3 48. Qe3 Qh4 49. Ke1 Qxg4 50. Rcxd6 0-1

[Event "II Open Dicembre"]
[Site "Arco ITA"]
[Date "2011.12.29"]
[Round "6"]
[White "De Nardo, Elena"]
[Black "Marchelli, Luca"]
[Result "0-1"]
[WhiteElo "1599"]
[BlackElo "1419"]
[PlyCount "108"]
[EventDate "2011.12.26"]

1. d4 Nf6 2. c4 e6 3. Nc3 Bb4 4. a3 Bxc3+ 5. bxc3 b6 6. e3 Ba6 7. Bd3 Nc6 8.
Rb1 Na5 9. Qe2 Bb7 10. Nf3 O-O 11. O-O c5 12. Re1 Qc7 13. Nd2 e5 14. d5 Rfe8
15. Ne4 Nxe4 16. Bxe4 d6 17. f3 Qd7 18. Bd3 f5 19. Qc2 Rf8 20. e4 f4 21. Kh1
Ba6 22. Qe2 Rf6 23. Rg1 g5 24. g3 Kh8 25. gxf4 gxf4 26. Rg4 Rg6 27. h3 Rag8 28.
Bd2 Rh6 29. Rxg8+ Kxg8 30. Qg2+ Kh8 31. Kh2 Rg6 32. Qe2 Bc8 33. Qf1 Rg3 34. Rb2
Rxh3+ 35. Kg1 Qg7+ 36. Kf2 Qg3+ 37. Ke2 Rh2+ 38. Kd1 Bh3 39. Be1 Bxf1 40. Bxg3
Rxb2 41. Bxf1 fxg3 42. Kc1 Ra2 43. Kb1 Rf2 44. Bh3 g2 45. Bxg2 Rxg2 46. a4 h5
47. Kc1 Nxc4 48. Kd1 Ne3+ 49. Ke1 h4 50. c4 Nxc4 51. Kf1 Ne3+ 52. Ke1 h3 53. a5
h2 54. f4 h1=Q# 0-1

[Event "II Open Dicembre"]
[Site "Arco ITA"]
[Date "2011.12.29"]
[Round "6"]
[White "De Nisi, Roberta"]
[Black "Gehrke, Rolf"]
[Result "1/2-1/2"]
[WhiteElo "1910"]
[BlackElo "2085"]
[PlyCount "89"]
[EventDate "2011.12.26"]

1. d4 d5 2. c4 c6 3. Nc3 Nf6 4. cxd5 cxd5 5. Nf3 g6 6. Bg5 Bg7 7. e3 Nc6 8. Bb5
O-O 9. O-O Ne4 10. Nxe4 dxe4 11. Bxc6 bxc6 12. Nd2 Ba6 13. Re1 Bd3 14. Nb3 f6
15. Bf4 e5 16. dxe5 fxe5 17. Bg3 h5 18. h4 Qd5 19. Qc1 Rfe8 20. Qc5 Bf8 21.
Qxd5+ cxd5 22. Rec1 Kf7 23. Rc7+ Kf6 24. Nc5 Bxc5 25. Rxc5 Rad8 26. f4 exf3 27.
gxf3 Bf5 28. Rd1 d4 29. exd4 exd4 30. Bf4 Rd7 31. Bg5+ Kf7 32. Kf2 d3 33. Rd2
Rb7 34. b3 Ke6 35. Rd1 Kd6 36. Rxf5 gxf5 37. Rxd3+ Kc6 38. Rc3+ Kb5 39. Rc4 Rf7
40. a4+ Kb6 41. Be3+ Kb7 42. Rb4+ Ka8 43. Rb5 Rc7 44. Bf4 Rf7 45. b4 1/2-1/2

[Event "II Open Dicembre"]
[Site "Arco ITA"]
[Date "2011.12.29"]
[Round "6"]
[White "De Santis, Alessio"]
[Black "Allegranti, Luca"]
[Result "1/2-1/2"]
[WhiteElo "2318"]
[BlackElo "1999"]
[PlyCount "119"]
[EventDate "2011.12.26"]

1. b3 d5 2. Bb2 c6 3. Nf3 Bf5 4. Nh4 Bg6 5. g3 e6 6. Bg2 Nf6 7. d3 Be7 8. Nd2
O-O 9. O-O Nbd7 10. Nxg6 hxg6 11. Nf3 Qc7 12. c4 Ng4 13. Qc2 Bf6 14. d4 Be7 15.
cxd5 exd5 16. h3 Ngf6 17. Ne5 Bd6 18. f4 Rac8 19. g4 Rfe8 20. e3 Nf8 21. Rac1
Ne4 22. Bxe4 dxe4 23. g5 Qe7 24. Ng4 Ba3 25. Bxa3 Qxa3 26. Qf2 Qa5 27. Rc5 Qd8
28. Rfc1 Ne6 29. Re5 Nc7 30. Qg2 Rxe5 31. Nxe5 Qe7 32. Qxe4 Re8 33. Rc2 Nd5 34.
Qf3 f6 35. gxf6 gxf6 36. Ng4 Kf7 37. Re2 Qa3 38. Qf1 Qa6 39. Re1 Qxa2 40. e4
Qxb3 41. Qf2 Qxh3 42. Nh2 Qc3 43. e5 b6 44. Nf1 c5 45. dxc5 Qxc5 46. Qxc5 bxc5
47. Rc1 Nxf4 48. Rxc5 Rxe5 49. Rc7+ Re7 50. Rc6 f5 51. Nh2 Ne6 52. Nf3 g5 53.
Ra6 Kf6 54. Kf2 g4 55. Nd4 Ke5 56. Nc6+ Kf6 57. Nxe7 Kxe7 58. Rxa7+ Kf6 59. Ra6
Ke5 60. Kg3 1/2-1/2

[Event "II Open Dicembre"]
[Site "Arco ITA"]
[Date "2011.12.29"]
[Round "6"]
[White "Faini, Ivano"]
[Black "Petragnani, Gian Giacomo"]
[Result "1/2-1/2"]
[WhiteElo "1650"]
[BlackElo "1752"]
[PlyCount "70"]
[EventDate "2011.12.26"]

1. c4 g6 2. g3 Bg7 3. Bg2 d6 4. e4 e5 5. Ne2 Ne7 6. O-O O-O 7. Nbc3 f5 8. d3
Na6 9. a3 c5 10. Rb1 Nc7 11. b4 b6 12. Bd2 Bb7 13. bxc5 dxc5 14. Nd5 Ne6 15.
Qc2 f4 16. gxf4 Nxd5 17. cxd5 Nxf4 18. Nxf4 exf4 19. f3 Bd4+ 20. Kh1 Rc8 21.
Bc3 Qf6 22. Rfc1 Ba6 23. Bf1 g5 24. Qb2 h5 25. Bxd4 cxd4 26. Rxc8 Rxc8 27. Rc1
Rc3 28. Rxc3 dxc3 29. Qb3 Qd4 30. d6+ Bc4 31. dxc4 Qf2 32. Qd1 c2 33. Qd5+ Kh7
34. Qf7+ Kh6 35. Qf6+ Kh7 1/2-1/2

[Event "II Open Dicembre"]
[Site "Arco ITA"]
[Date "2011.12.29"]
[Round "6"]
[White "Frontini, Fabio"]
[Black "Menon, Michele"]
[Result "1/2-1/2"]
[WhiteElo "1940"]
[BlackElo "1779"]
[PlyCount "150"]
[EventDate "2011.12.26"]

1. e4 d6 2. d4 Nf6 3. Bd3 e5 4. Ne2 c5 5. dxc5 dxc5 6. O-O Be7 7. b3 O-O 8. Bb2
Nc6 9. Nd2 Nd4 10. Nc4 Qc7 11. a4 Be6 12. c3 Nc6 13. Qc2 a6 14. Ne3 Rad8 15. h3
Na5 16. c4 Nc6 17. Bc3 Nd4 18. Bxd4 cxd4 19. Nd5 Bxd5 20. exd5 g6 21. f4 Nh5
22. fxe5 Qxe5 23. Rf3 Bd6 24. Raf1 Qh2+ 25. Kf2 Rde8 26. Qc1 b6 27. Rh1 Qe5 28.
g4 Nf6 29. Qf4 Ne4+ 30. Bxe4 Qxe4 31. Qxe4 Rxe4 32. Rd1 Bc5 33. Rdd3 Rfe8 34.
Ng3 Re1 35. Kg2 Rc1 36. Rf2 a5 37. Re2 Rd8 38. Re4 Rc3 39. Rexd4 Bxd4 40. Rxd4
Rxb3 41. Ne4 Rb4 42. Nc3 Kg7 43. d6 Rb3 44. Nb5 Rb4 45. Na7 Ra8 46. Nc6 Rxa4
47. Ne5 Rd8 48. d7 b5 49. Nc6 Rxd7 50. Rxd7 b4 51. Rb7 Ra3 52. Ne5 Kf6 53. Nf3
b3 54. c5 Ra2+ 55. Kg3 a4 56. c6 Rc2 57. c7 Rc3 58. Kf2 Ke6 59. c8=Q+ Rxc8 60.
Nd4+ Kf6 61. Nxb3 axb3 62. Rxb3 Re8 63. Kg3 h6 64. Rb6+ Re6 65. Rb3 g5 66. Ra3
Kg6 67. Rf3 f6 68. Ra3 f5 69. gxf5+ Kxf5 70. h4 Kg6 71. hxg5 hxg5 72. Rb3 Re4
73. Rf3 Kh5 74. Ra3 Rg4+ 75. Kh3 Rg2 1/2-1/2